A field guide to post-truth India (Record no. 1312939)

MARC details
000 -LEADER
fixed length control field 01257nam a2200217 4500
005 - DATE AND TIME OF LATEST TRANSACTION
control field 20250507100236.0
008 - FIXED-LENGTH DATA ELEMENTS--GENERAL INFORMATION
fixed length control field 250507b |||||||| |||| 00| 0 eng d
020 ## - INTERNATIONAL STANDARD BOOK NUMBER
International Standard Book Number 9789383968442
037 ## - SOURCE OF ACQUISITION
Terms of availability Textual
040 ## - CATALOGING SOURCE
Original cataloging agency RTL
Transcribing agency RTL
084 ## - COLON CLASSIFICATION NUMBER
Classification number Y73(Q2):(W) R4
Assigning agency RTL
100 ## - MAIN ENTRY--PERSONAL NAME
Personal name Nanda, Meera
245 ## - TITLE STATEMENT
Title A field guide to post-truth India
260 ## - PUBLICATION, DISTRIBUTION, ETC.
Place of publication, distribution, etc. Gurugram
Name of publisher, distributor, etc. Three Essays Collective
Date of publication, distribution, etc. 2024
300 ## - PHYSICAL DESCRIPTION
Extent 194 p. ill.
Other physical details Includes bibliographical references and index
520 ## - SUMMARY, ETC.
Summary, etc. About the book: This book describes the refashioning of thought in contemporary India. The thread that runs through the essays collected here is that under the pretext of decolonization of the Indian mind, our fundamental conceptions of reality and truth are being brought in line with “Indian Knowledge Systems.” A post-truth culture is emerging in which myths substitute for history, pseudoscience parades as science, mysticism lays claims as a legitimate scientific method and baldfaced lies drown out objective facts. Post-secular India is on its way to becoming a post-truth society.<br/>
650 ## - SUBJECT ADDED ENTRY--TOPICAL TERM
Topical term or geographic name entry element Ayurveda- COVID-19- India
9 (RLIN) 754873
650 ## - SUBJECT ADDED ENTRY--TOPICAL TERM
Topical term or geographic name entry element Decolonization- India
9 (RLIN) 754874
650 ## - SUBJECT ADDED ENTRY--TOPICAL TERM
Topical term or geographic name entry element Culture- India
942 ## - ADDED ENTRY ELEMENTS (KOHA)
Source of classification or shelving scheme Colon Classification (CC)
Suppress in OPAC No
Koha item type Textbook
Classification part Y73(Q2):(W) R4
Holdings
Withdrawn status Lost status Source of classification or shelving scheme Damaged status Not for loan Home library Current library Date acquired Total Checkouts Full call number Barcode Date last seen Price effective from Koha item type
    Colon Classification (CC)     Ratan Tata Library Ratan Tata Library 2025-05-07   Y73(Q2):(W) R4 RT1585270 2025-11-17 2025-05-07 Textbook
Copyright @ Delhi University Library System